00690 2200193 4500001002100000005001500021035002000036245013600056100001800192250002000210300005000230856002800280700008400308260004000392082000800432084001400440020002200454650002000476INLIS00000000114845820260526092137 a0010-05260001351 aPRANCIS :bSurat Sahabat /cPenulis: Teresa Fisher, Penerjemah: Rokoyah Andariani Amin, Editor: Tessa Febiani, Dwi Kartika Wardhani0 aTeresa Fisher aCetakan Pertama a32 halaman :bIlustrasi ;c22 x 29 cmeKertas aPerpustakaan Keliling 20 aPenerjemah: Rokoyah Andariani Amin, Editor: Tessa Febiani, Dwi Kartika Wardhani aJakarta :bErlangga For Kids,c2003 a397 a397 TER p a978-979-033-619-3 4aCHILDRENS BOOKS